[Event "Czech Open GM 2020"]
[Site "Pardubice"]
[Date "2020.09.26"]
[Round "6.16"]
[White "Storme, Isak"]
[Black "Ochedzan, Tymon"]
[Result "1/2-1/2"]
[WhiteElo "2353"]
[BlackElo "2214"]
[Annotator "ChessBase"]
[PlyCount "189"]
[EventDate "2020.09.21"]
[EventCountry "CZE"]
[SourceTitle "playchess.com"]
[Source "ChessBase"]
[SourceQuality "1"]
[TimeControl "40/5400+30:1800+30"]

1. c4 {[%emt 0:08:50]} Nf6 {[%emt 0:00:00]} 2. Nc3 {[%emt 0:00:10]} g6 {[%emt 0:00:07]} 3. g3 {[%emt 0:00:41]} Bg7 {[%emt 0:02:06]} 4. Bg2 {[%emt 0:00:12]} O-O {[%emt 0:02:03]} 5. Nf3 {[%emt 0:00:19]} c5 {[%emt 0:04:32]} 6. O-O {[%emt 0:00:24]} d5 {[%emt 0:09:14]} 7. cxd5 {[%emt 0:01:50]} Nxd5 {[%emt 0:00:34]} 8. Nxd5 {[%emt 0:01:46]} Qxd5 {[%emt 0:00:08]} 9. d3 {[%emt 0:00:15]} Nc6 {[%emt 0:10:17]} 10. Be3 {[%emt 0:01:05]} Qd6 {[%emt 0:18:02]} 11. Rc1 {[%emt 0:02:44]} Nd4 {[%emt 0:03:53]} 12. Nxd4 {[%emt 0:00:08]} cxd4 {[%emt 0:02:59]} 13. Bf4 {[%emt 0:00:17]} Qb6 {[%emt 0:10:16]} 14. Qb3 {[%emt 0:02:05]} Qxb3 {[%emt 0:04:16]} 15. axb3 {[%emt 0:00:16]} e5 {[%emt 0:01:34]} 16. Bd2 {[%emt 0:00:08]} Bg4 {[%emt 0:01:45]} 17. Rfe1 {[%emt 0:03:14]} Rab8 {[%emt 0:04:39]} 18. h3 {[%emt 0:05:23]} Be6 {[%emt 0:00:11]} 19. Rc7 {[%emt 0:01:44]} Rfc8 {[%emt 0:02:31]} 20. Rec1 {[%emt 0:00:30]} Rxc7 {[%emt 0:01:04]} 21. Rxc7 {[%emt 0:00:07]} Bxb3 {[%emt 0:02:19]} 22. Bxb7 {[%emt 0:01:54]} Be6 {[%emt 0:00:59]} 23. b4 {[%emt 0:04:31]} Bf8 {[%emt 0:02:30]} 24. Bf3 {[%emt 0:10:32]} Bxb4 {[%emt 0:00:42]} 25. Bxb4 {[%emt 0:00:07]} Rxb4 {[%emt 0:00:03]} 26. Rxa7 {[%emt 0:00:08]} Rb5 {[%emt 0:02:30]} 27. Kg2 {[%emt 0:03:35]} Kg7 {[%emt 0:00:54]} 28. Be4 {[%emt 0:01:16]} h6 {[%emt 0:03:27]} 29. h4 {[%emt 0:04:29]} Bg4 {[%emt 0:01:46]} 30. Bf3 {[%emt 0:00:09]} Be6 {[%emt 0:00:39]} 31. g4 {[%emt 0:00:54]} g5 {[%emt 0:01:02]} 32. Kg3 {[%emt 0:00:38]} Rc5 {[%emt 0:01:00]} 33. Rb7 {[%emt 0:04:13]} Ra5 {[%emt 0:00:35]} 34. Rb6 {[%emt 0:00:44]} Rc5 {[%emt 0:01:48]} 35. Rd6 {[%emt 0:00:36]} Kf6 {[%emt 0:02:03]} 36. h5 {[%emt 0:00:32]} Ke7 {[%emt 0:01:21]} 37. Ra6 {[%emt 0:00:35]} Kf6 {[%emt 0:01:19]} 38. Be4 {[%emt 0:00:43]} Rc2 {[%emt 0:01:11]} 39. Kf3 {[%emt 0:00:46]} Kg7 {[%emt 0:00:06]} 40. Ra5 {[%emt 0:01:07]} Kf6 {[%emt 0:00:54]} 41. Bd5 {[%emt 0:31:01]} Bxd5+ {[%emt 0:13:38]} 42. Rxd5 {[%emt 0:00:00]} Ra2 {[%emt 0:02:48]} 43. Rd6+ {[%emt 0:00:00]} Kg7 {[%emt 0:00:05]} 44. Rb6 {[%emt 0:00:00]} Rd2 {[%emt 0:01:24]} 45. Ra6 {[%emt 0:00:00]} Rb2 {[%emt 0:00:49]} 46. Ra8 {[%emt 0:00:00]} Rd2 {[%emt 0:01:02]} 47. Rd8 {[%emt 0:00:00]} Kf6 {[%emt 0:00:50]} 48. Rd7 {[%emt 0:00:00]} Ke6 {[%emt 0:00:44]} 49. Rb7 {[%emt 0:00:00]} Kf6 {[%emt 0:00:06]} 50. Rb6+ {[%emt 0:00:00]} Kg7 {[%emt 0:00:07]} 51. Rd6 {[%emt 0:00:00]} Ra2 {[%emt 0:01:13]} 52. Rb6 {[%emt 0:00:00]} Rd2 {[%emt 0:00:38]} 53. Rc6 {[%emt 0:00:00]} Rb2 {[%emt 0:01:31]} 54. Rc5 {[%emt 0:00:00]} Kf6 {[%emt 0:00:26]} 55. Ra5 {[%emt 0:00:00]} Rd2 {[%emt 0:00:32]} 56. Ra4 {[%emt 0:00:00]} Kg7 {[%emt 0:01:28]} 57. Ra3 {[%emt 0:00:00]} Rb2 {[%emt 0:00:43]} 58. Ra1 {[%emt 0:00:00]} Rd2 {[%emt 0:00:51]} 59. Ra6 {[%emt 0:00:00]} Rb2 {[%emt 0:00:48]} 60. e3 {[%emt 0:00:26]} Rd2 {[%emt 0:04:43]} 61. Ra3 {[%emt 0:00:34]} Kf6 {[%emt 0:01:15]} 62. Rb3 {[%emt 0:01:34]} Kg7 {[%emt 0:00:33]} 63. Kg3 {[%emt 0:00:41]} Kf6 {[%emt 0:00:53]} 64. Ra3 {[%emt 0:01:51]} Rd1 {[%emt 0:01:47]} 65. Kg2 {[%emt 0:00:44]} Kg7 {[%emt 0:00:34]} 66. exd4 {[%emt 0:05:10]} exd4 {[%emt 0:00:06]} 67. Kf3 {[%emt 0:00:08]} Rd2 {[%emt 0:00:15]} 68. Kg3 {[%emt 0:01:29]} Kf6 {[%emt 0:00:48]} 69. f4 {[%emt 0:00:47]} gxf4+ {[%emt 0:03:12]} 70. Kxf4 {[%emt 0:00:07]} Rf2+ {[%emt 0:00:24]} 71. Kg3 {[%emt 0:00:18]} Rd2 {[%emt 0:00:26]} 72. Kf3 {[%emt 0:04:16]} Kg5 {[%emt 0:00:43]} 73. Ra5+ {[%emt 0:03:51]} Kh4 {[%emt 0:00:26]} 74. Ra1 {[%emt 0:02:42]} Rxd3+ {[%emt 0:00:35]} 75. Kf4 {[%emt 0:00:10]} Rh3 {[%emt 0:01:03]} 76. Rd1 {[%emt 0:02:52]} d3 {[%emt 0:00:46]} 77. Rd2 {[%emt 0:00:18]} Rh1 {[%emt 0:00:55]} 78. Rxd3 {[%emt 0:03:05]} Rg1 {[%emt 0:00:24]} 79. Rd6 {[%emt 0:04:18]} Rxg4+ {[%emt 0:00:29]} 80. Kf3 {[%emt 0:00:13]} Kxh5 {[%emt 0:00:11]} 81. Rd7 {[%emt 0:00:41]} f5 {[%emt 0:00:50]} 82. Rf7 {[%emt 0:00:42]} Kg6 {[%emt 0:00:11]} 83. Rf8 {[%emt 0:00:08]} Ra4 {[%emt 0:00:56]} 84. Kg3 {[%emt 0:00:24]} h5 {[%emt 0:00:23]} 85. Rb8 {[%emt 0:00:23]} h4+ {[%emt 0:00:31]} 86. Kf3 {[%emt 0:02:31]} Ra7 {[%emt 0:00:42]} 87. Kf4 {[%emt 0:00:33]} Rf7 {[%emt 0:01:07]} 88. Rh8 {[%emt 0:01:55]} Rh7 {[%emt 0:00:10]} 89. Rg8+ {[%emt 0:00:08]} Kf7 {[%emt 0:00:55]} 90. Rg5 {[%emt 0:00:18]} h3 {[%emt 0:01:05]} 91. Rxf5+ {[%emt 0:00:06]} Kg8 {[%emt 0:00:26]} 92. Rg5+ {[%emt 0:00:06]} Rg7 {[%emt 0:00:32]} 93. Rxg7+ {[%emt 0:00:14]} Kxg7 {[%emt 0:00:04]} 94. Kg3 {[%emt 0:00:07]} h2 {[%emt 0:00:04]} 95. Kxh2 {[%emt 0:00:06]} 1/2-1/2

[Event "Czech Open GM 2020"]
[Site "Pardubice"]
[Date "2020.09.26"]
[Round "6.17"]
[White "Seger, Ruediger"]
[Black "Crevatin, Leo"]
[Result "1-0"]
[WhiteElo "2312"]
[BlackElo "2188"]
[Annotator "ChessBase"]
[PlyCount "113"]
[EventDate "2020.09.21"]
[EventCountry "CZE"]
[SourceTitle "playchess.com"]
[Source "ChessBase"]
[SourceQuality "1"]
[TimeControl "40/5400+30:1800+30"]

1. e4 c6 2. d4 {[%emt 65:57:34]} d5 {[%emt 0:01:57]} 3. Nd2 {[%emt 0:00:11]} dxe4 {[%emt 0:00:04]} 4. Nxe4 {[%emt 0:00:04]} Nf6 {[%emt 0:00:08]} 5. Nxf6+ {[%emt 0:00:25]} exf6 {[%emt 0:00:02]} 6. c3 {[%emt 0:00:07]} Bd6 {[%emt 0:00:13]} 7. Bd3 {[%emt 0:00:12]} O-O {[%emt 0:00:13]} 8. Qc2 {[%emt 0:00:13]} Re8+ {[%emt 0:00:19]} 9. Ne2 {[%emt 0:00:07]} h5 {[%emt 0:00:10]} 10. O-O {[%emt 0:01:05]} Qc7 {[%emt 0:15:57]} 11. h3 {[%emt 0:05:24]} h4 {[%emt 0:07:36]} 12. Re1 {[%emt 0:02:59]} Nd7 {[%emt 0:04:23]} 13. Bf4 {[%emt 0:03:49]} Nf8 {[%emt 0:02:45]} 14. Bxd6 {[%emt 0:01:06]} Qxd6 {[%emt 0:00:08]} 15. Rad1 {[%emt 0:06:14]} Be6 {[%emt 0:11:24]} 16. c4 {[%emt 0:06:13]} Rad8 {[%emt 0:04:54]} 17. Nc3 {[%emt 0:03:10]} Kh8 {[%emt 0:05:55]} 18. d5 {[%emt 0:02:34]} Bd7 {[%emt 0:01:19]} 19. Rxe8 {[%emt 0:00:55]} Rxe8 {[%emt 0:00:16]} 20. dxc6 {[%emt 0:01:01]} Bxc6 {[%emt 0:01:09]} 21. Be4 {[%emt 0:02:08]} Bxe4 {[%emt 0:02:34]} 22. Nxe4 {[%emt 0:00:07]} Qb4 {[%emt 0:02:02]} 23. a3 {[%emt 0:04:27]} Qa5 {[%emt 0:00:23]} 24. Nc3 {[%emt 0:13:23]} Ng6 {[%emt 0:03:07]} 25. Qd2 {[%emt 0:04:35]} Qc7 {[%emt 0:05:58]} 26. b3 {[%emt 0:01:24]} a6 {[%emt 0:01:07]} 27. Qd4 {[%emt 0:03:33]} Qa5 {[%emt 0:03:02]} 28. Qd7 {[%emt 0:04:11]} Rf8 {[%emt 0:03:29]} 29. Nd5 {[%emt 0:04:06]} b5 {[%emt 0:05:49]} 30. cxb5 {[%emt 0:02:01]} axb5 {[%emt 0:01:15]} 31. a4 {[%emt 0:01:17]} bxa4 {[%emt 0:02:02]} 32. Qxa4 {[%emt 0:01:00]} Qxa4 {[%emt 0:01:52]} 33. bxa4 {[%emt 0:00:05]} Rd8 {[%emt 0:02:39]} 34. a5 {[%emt 0:03:45]} Nf4 {[%emt 0:01:06]} 35. Ne3 {[%emt 0:00:07]} Ra8 {[%emt 0:00:34]} 36. Ra1 {[%emt 0:00:11]} Ne2+ {[%emt 0:00:50]} 37. Kf1 {[%emt 0:00:14]} Nd4 {[%emt 0:00:16]} 38. Ra4 {[%emt 0:13:37]} Nb3 {[%emt 0:01:07]} 39. Nc4 {[%emt 0:00:10]} Rc8 {[%emt 0:00:59]} 40. Ke2 {[%emt 0:01:34]} g5 {[%emt 0:00:48]} 41. Nd6 {[%emt 0:06:55]} Ra8 {[%emt 0:05:16]} 42. Nb7 {[%emt 0:00:48]} Ra6 {[%emt 0:02:54]} 43. Kd1 {[%emt 0:01:33]} Kg7 {[%emt 0:01:40]} 44. Kc2 {[%emt 0:00:33]} Nxa5 {[%emt 0:00:13]} 45. Rxa5 {[%emt 0:01:10]} Re6 {[%emt 0:01:14]} 46. Rd5 {[%emt 0:02:20]} Kg6 {[%emt 0:00:40]} 47. Kd2 {[%emt 0:00:56]} Rb6 {[%emt 0:02:25]} 48. Nd6 {[%emt 0:00:17]} Rb2+ {[%emt 0:00:15]} 49. Ke3 {[%emt 0:00:38]} Rb3+ {[%emt 0:00:52]} 50. Rd3 {[%emt 0:01:11]} Rb6 {[%emt 0:01:21]} 51. Ne4 {[%emt 0:00:55]} Rb5 {[%emt 0:02:48]} 52. Rd6 {[%emt 0:09:17]} Re5 {[%emt 0:00:42]} 53. Rxf6+ {[%emt 0:03:51]} Kg7 {[%emt 0:02:24]} 54. Kf3 {[%emt 0:00:25]} Rxe4 {[%emt 0:01:12]} 55. Rxf7+ {[%emt 0:00:06]} Kxf7 {[%emt 0:00:06]} 56. Kxe4 {[%emt 0:00:03]} Ke6 {[%emt 0:02:21]} 57. f4 {[%emt 0:00:20]} 1-0

[Event "Czech Open GM 2020"]
[Site "Pardubice"]
[Date "2020.09.26"]
[Round "6.18"]
[White "Nemec, Jachym"]
[Black "Rabatin, Jakub"]
[Result "1-0"]
[WhiteElo "2150"]
[BlackElo "2291"]
[Annotator "ChessBase"]
[PlyCount "97"]
[EventDate "2020.09.21"]
[EventCountry "CZE"]
[SourceTitle "playchess.com"]
[Source "ChessBase"]
[SourceQuality "1"]
[TimeControl "40/5400+30:1800+30"]

1. d4 {[%emt 0:26:33]} Nf6 {[%emt 0:00:16]} 2. c4 {[%emt 0:00:10]} c5 {[%emt 0:00:20]} 3. d5 {[%emt 0:02:10]} g6 {[%emt 0:00:30]} 4. Nc3 {[%emt 0:00:07]} Bg7 {[%emt 0:00:06]} 5. e4 {[%emt 0:00:36]} d6 {[%emt 0:00:05]} 6. Be2 {[%emt 0:00:37]} O-O {[%emt 0:00:12]} 7. Nf3 {[%emt 0:01:11]} e5 {[%emt 0:04:20]} 8. h3 {[%emt 0:02:04]} Nh5 {[%emt 0:02:58]} 9. g3 a6 {[%emt 0:17:57]} 10. Ng5 Nf6 {[%emt 0:18:40]} 11. a4 Nbd7 {[%emt 0:08:11]} 12. Bd2 Ne8 {[%emt 0:13:25]} 13. Qc1 Ndf6 {[%emt 0:13:43]} 14. Kf1 b6 {[%emt 0:08:34]} 15. Kg2 Bd7 {[%emt 0:01:06]} 16. h4 {[%emt 0:04:19]} h5 {[%emt 0:02:20]} 17. Qc2 {[%emt 0:01:01]} Nc7 {[%emt 0:01:02]} 18. Rhb1 {[%emt 0:01:31]} a5 {[%emt 0:07:06]} 19. Re1 {[%emt 0:02:18]} Na6 {[%emt 0:02:42]} 20. Rad1 {[%emt 0:09:03]} Nb4 {[%emt 0:00:31]} 21. Qb3 {[%emt 0:01:45]} Qe7 {[%emt 0:02:12]} 22. Nb5 {[%emt 0:05:03]} Nh7 {[%emt 0:04:18]} 23. g4 {[%emt 0:10:50]} hxg4 {[%emt 0:05:48]} 24. Qg3 {[%emt 0:00:18]} Nf6 {[%emt 0:11:07]} 25. f3 {[%emt 0:12:31]} Nh5 {[%emt 0:01:26]} 26. Qf2 {[%emt 0:00:27]} g3 {[%emt 0:03:26]} 27. Qg1 {[%emt 0:00:04]} f6 {[%emt 0:02:28]} 28. Ne6 {[%emt 0:00:33]} Bxe6 {[%emt 0:00:09]} 29. dxe6 {[%emt 0:00:04]} Rad8 {[%emt 0:00:13]} 30. f4 {[%emt 0:01:28]} Nxf4+ {[%emt 0:02:08]} 31. Kxg3 {[%emt 0:01:06]} Nxe2+ {[%emt 0:02:38]} 32. Rxe2 {[%emt 0:00:06]} Qxe6 {[%emt 0:00:18]} 33. Kh2 {[%emt 0:00:50]} Kf7 {[%emt 0:03:19]} 34. Bxb4 {[%emt 0:01:09]} axb4 {[%emt 0:00:05]} 35. h5 {[%emt 0:00:33]} g5 {[%emt 0:01:19]} 36. Rf2 {[%emt 0:00:46]} Rh8 {[%emt 0:02:18]} 37. Qxg5 {[%emt 0:00:15]} Kg8 {[%emt 0:00:29]} 38. Qh4 {[%emt 0:02:18]} Qf7 {[%emt 0:01:22]} 39. Rf5 {[%emt 0:00:07]} Qxc4 {[%emt 0:00:28]} 40. Rg1 {[%emt 0:00:24]} Rh6 {[%emt 0:00:27]} 41. Nc7 {[%emt 0:27:33]} d5 {[%emt 0:01:54]} 42. Qg4 {[%emt 0:03:43]} Rh7 {[%emt 0:00:28]} 43. Ne6 {[%emt 0:01:13]} dxe4 {[%emt 0:01:06]} 44. Nxd8 {[%emt 0:00:31]} Qd5 {[%emt 0:01:30]} 45. Qd1 {[%emt 0:01:42]} Qc4 {[%emt 0:00:17]} 46. Qd7 {[%emt 0:02:04]} Qe2+ {[%emt 0:00:30]} 47. Rg2 {[%emt 0:00:04]} Rxh5+ {[%emt 0:00:20]} 48. Rxh5 {[%emt 0:00:06]} Qxh5+ {[%emt 0:00:02]} 49. Kg1 {[%emt 0:00:06]} 1-0

[Event "Czech Open GM 2020"]
[Site "Pardubice"]
[Date "2020.09.26"]
[Round "6.19"]
[White "Pacl, Vaclav"]
[Black "Mica, Marek"]
[Result "1/2-1/2"]
[WhiteElo "2007"]
[BlackElo "2290"]
[Annotator "ChessBase"]
[PlyCount "25"]
[EventDate "2020.09.21"]
[EventCountry "CZE"]
[SourceTitle "playchess.com"]
[Source "ChessBase"]
[SourceQuality "1"]
[TimeControl "40/5400+30:1800+30"]

1. Nf3 {[%emt 0:05:46]} e6 {[%emt 0:00:22]} 2. g3 {[%emt 0:02:25]} d5 {[%emt 0:01:30]} 3. Bg2 {[%emt 0:01:40]} f5 {[%emt 0:01:09]} 4. O-O {[%emt 0:01:45]} Nf6 {[%emt 0:00:21]} 5. c4 {[%emt 0:00:17]} c6 {[%emt 0:00:27]} 6. b3 {[%emt 0:00:08]} Nbd7 {[%emt 0:01:00]} 7. Qc2 {[%emt 0:02:28]} Bd6 {[%emt 0:01:50]} 8. Ba3 {[%emt 0:04:51]} Bxa3 {[%emt 0:02:11]} 9. Nxa3 {[%emt 0:00:11]} Qe7 {[%emt 0:00:12]} 10. Nb1 {[%emt 0:00:12]} O-O {[%emt 0:01:10]} 11. Nc3 {[%emt 0:06:02]} Qd6 {[%emt 0:13:55]} 12. e3 {[%emt 0:07:00]} b6 {[%emt 0:07:36]} 13. cxd5 {[%emt 0:19:21]} 1/2-1/2

[Event "Czech Open GM 2020"]
[Site "Pardubice"]
[Date "2020.09.26"]
[Round "6.20"]
[White "Simek, Petr"]
[Black "Lorscheid, Gerhard"]
[Result "1/2-1/2"]
[WhiteElo "2289"]
[BlackElo "2185"]
[Annotator "ChessBase"]
[PlyCount "58"]
[EventDate "2020.09.21"]
[EventCountry "CZE"]
[SourceTitle "playchess.com"]
[Source "ChessBase"]
[SourceQuality "1"]
[TimeControl "40/5400+30:1800+30"]

1. c4 {[%emt 0:01:42]} c6 {[%emt 0:00:22]} 2. Nc3 {[%emt 0:01:53]} d5 {[%emt 0:00:35]} 3. d4 {[%emt 0:03:14]} Nf6 {[%emt 0:00:09]} 4. Nf3 {[%emt 0:00:28]} a6 {[%emt 0:00:19]} 5. cxd5 {[%emt 0:00:26]} cxd5 {[%emt 0:00:06]} 6. Bf4 {[%emt 0:00:03]} Nc6 {[%emt 0:00:25]} 7. e3 {[%emt 0:00:11]} Bg4 {[%emt 0:00:24]} 8. h3 {[%emt 0:02:36]} Bxf3 {[%emt 0:00:08]} 9. Qxf3 {[%emt 0:00:03]} e6 {[%emt 0:00:13]} 10. Bd3 {[%emt 0:00:08]} Bd6 {[%emt 0:01:39]} 11. O-O {[%emt 0:01:04]} O-O {[%emt 0:01:56]} 12. Bxd6 {[%emt 0:02:22]} Qxd6 {[%emt 0:00:04]} 13. Qe2 {[%emt 0:00:05]} Rac8 {[%emt 0:03:25]} 14. Rac1 {[%emt 0:00:51]} Rc7 {[%emt 0:02:44]} 15. Rfe1 {[%emt 0:08:26]} Rfc8 {[%emt 0:01:30]} 16. Rcd1 {[%emt 0:00:08]} g6 {[%emt 0:01:30]} 17. g3 {[%emt 0:04:01]} h6 {[%emt 0:21:51]} 18. h4 {[%emt 0:17:49]} Kg7 {[%emt 0:07:22]} 19. Qf3 {[%emt 0:02:06]} e5 {[%emt 0:04:20]} 20. dxe5 {[%emt 0:01:43]} Nxe5 {[%emt 0:00:05]} 21. Qg2 {[%emt 0:02:06]} Qe6 {[%emt 0:00:33]} 22. Be2 {[%emt 0:09:39]} Rc5 {[%emt 0:01:51]} 23. Rd4 {[%emt 0:06:44]} Nc6 {[%emt 0:02:12]} 24. Rf4 {[%emt 0:03:48]} g5 {[%emt 0:01:41]} 25. Ra4 {[%emt 0:00:11]} Ne5 {[%emt 0:03:55]} 26. Rd1 {[%emt 0:02:51]} Qb6 {[%emt 0:18:57]} 27. Nxd5 {[%emt 0:27:58]} Nxd5 {[%emt 0:00:21]} 28. Rxd5 {[%emt 0:00:05]} Qxb2 {[%emt 0:00:29]} 29. Rxc5 {[%emt 0:01:06]} Rxc5 {[%emt 0:00:03]} 1/2-1/2

[Event "Czech Open GM 2020"]
[Site "Pardubice"]
[Date "2020.09.26"]
[Round "7.1"]
[White "Kevlishvili, Robby"]
[Black "Van Foreest, Lucas"]
[Result "1/2-1/2"]
[WhiteElo "2478"]
[BlackElo "2531"]
[Annotator "ChessBase"]
[PlyCount "120"]
[EventDate "2020.09.21"]
[EventCountry "CZE"]
[SourceTitle "playchess.com"]
[Source "ChessBase"]
[SourceQuality "1"]
[TimeControl "40/5400+30:1800+30"]

1. e4 {[%emt 0:00:11]} Nc6 {[%emt 0:02:47]} 2. Nf3 {[%emt 0:10:07]} e5 {[%emt 0:00:00]} 3. Bb5 {[%emt 0:00:30]} Nf6 {[%emt 0:00:00]} 4. O-O {[%emt 0:00:30]} Nxe4 {[%emt 0:00:00]} 5. Re1 {[%emt 0:00:00]} Nd6 {[%emt 0:00:00]} 6. Nxe5 {[%emt 0:00:00]} Be7 {[%emt 0:00:00]} 7. Bf1 {[%emt 0:00:00]} Nxe5 {[%emt 0:00:00]} 8. Rxe5 {[%emt 0:00:00]} O-O {[%emt 0:00:23]} 9. Nc3 {[%emt 0:00:00]} Ne8 {[%emt 0:00:00]} 10. Nd5 {[%emt 0:00:00]} Bd6 {[%emt 0:00:00]} 11. Re1 {[%emt 0:00:00]} c6 {[%emt 0:00:00]} 12. Ne3 {[%emt 0:00:00]} Be7 {[%emt 0:00:00]} 13. c4 {[%emt 0:00:00]} Nc7 {[%emt 0:00:00]} 14. d4 {[%emt 0:00:00]} d5 {[%emt 0:00:00]} 15. cxd5 {[%emt 0:00:00]} Bb4 {[%emt 0:00:00]} 16. Bd2 {[%emt 0:00:00]} Bxd2 {[%emt 0:00:00]} 17. Qxd2 {[%emt 0:00:00]} Nxd5 {[%emt 0:00:00]} 18. Nxd5 {[%emt 0:00:00]} Qxd5 {[%emt 0:00:00]} 19. Re5 {[%emt 0:00:00]} Qd6 {[%emt 0:00:00]} 20. Bc4 {[%emt 0:00:00]} Bd7 {[%emt 0:00:00]} 21. Rae1 {[%emt 0:00:00]} b5 {[%emt 0:00:00]} 22. Bb3 {[%emt 0:00:00]} a5 {[%emt 0:00:00]} 23. a3 {[%emt 0:00:00]} a4 {[%emt 0:00:00]} 24. Ba2 {[%emt 0:00:00]} Rae8 {[%emt 0:00:00]} 25. Qc3 {[%emt 0:00:00]} Rxe5 {[%emt 0:00:00]} 26. dxe5 {[%emt 0:00:00]} Qe7 {[%emt 0:00:00]} 27. Rd1 {[%emt 0:00:00]} Bf5 {[%emt 0:00:00]} 28. Rd6 {[%emt 0:00:00]} Rd8 {[%emt 0:00:00]} 29. Qd2 {[%emt 0:00:00]} Rxd6 {[%emt 0:00:00]} 30. exd6 {[%emt 0:00:02]} Qe5 {[%emt 0:00:00]} 31. h3 {[%emt 0:00:22]} Bd7 {[%emt 0:00:00]} 32. Qa5 {[%emt 0:00:25]} Be8 {[%emt 0:00:00]} 33. Qd8 {[%emt 0:00:27]} Qe1+ {[%emt 0:00:00]} 34. Kh2 {[%emt 0:00:06]} Qe5+ {[%emt 0:00:00]} 35. Kg1 {[%emt 0:00:09]} Qe1+ {[%emt 0:00:00]} 36. Kh2 {[%emt 0:00:09]} Qe5+ {[%emt 0:00:00]} 37. g3 {[%emt 0:00:16]} Qe2 {[%emt 0:00:56]} 38. Kg2 {[%emt 0:00:11]} Qe4+ {[%emt 0:00:02]} 39. Kg1 {[%emt 0:00:05]} Qe1+ {[%emt 0:00:05]} 40. Kg2 {[%emt 0:00:05]} Qe4+ {[%emt 0:00:09]} 41. Kg1 {[%emt 0:30:07]} Qe1+ {[%emt 0:30:15]} 42. Kg2 {[%emt 0:00:05]} Qe4+ {[%emt 0:00:06]} 43. Kf1 {[%emt 0:00:22]} Qh1+ {[%emt 0:00:06]} 44. Ke2 {[%emt 0:00:07]} Qe4+ {[%emt 0:00:03]} 45. Kf1 {[%emt 0:00:13]} Qh1+ {[%emt 0:00:04]} 46. Ke2 {[%emt 0:00:05]} Qe4+ {[%emt 0:00:02]} 47. Kd2 {[%emt 0:00:18]} Qd4+ {[%emt 0:00:03]} 48. Ke1 {[%emt 0:00:23]} Qe4+ {[%emt 0:00:05]} 49. Kd2 {[%emt 0:00:06]} Qd4+ {[%emt 0:00:02]} 50. Ke1 {[%emt 0:00:08]} Qe4+ {[%emt 0:00:05]} 51. Kd2 {[%emt 0:00:13]} Qd4+ {[%emt 0:00:04]} 52. Ke1 {[%emt 0:00:08]} Qe4+ {[%emt 0:00:54]} 53. Kd2 {[%emt 0:01:09]} Qd4+ {[%emt 0:00:05]} 54. Kc1 {[%emt 0:01:00]} Qe4 {[%emt 0:00:07]} 55. Qe7 {[%emt 0:00:24]} Qxe7 {[%emt 0:00:06]} 56. dxe7 {[%emt 0:00:05]} g5 {[%emt 0:00:06]} 57. Kd2 {[%emt 0:00:16]} Kg7 {[%emt 0:00:04]} 58. Ke3 {[%emt 0:00:11]} Kf6 {[%emt 0:00:04]} 59. Kd4 {[%emt 0:00:06]} Kxe7 {[%emt 0:00:06]} 60. Kc5 {[%emt 0:00:11]} Kd7 {[%emt 0:00:07]} 1/2-1/2

[Event "Czech Open GM 2020"]
[Site "Pardubice"]
[Date "2020.09.26"]
[Round "7.2"]
[White "Jarmula, Lukasz"]
[Black "Vogel, Roven"]
[Result "1/2-1/2"]
[WhiteElo "2444"]
[BlackElo "2456"]
[Annotator "ChessBase"]
[PlyCount "54"]
[EventDate "2020.09.21"]
[EventCountry "CZE"]
[SourceTitle "playchess.com"]
[Source "ChessBase"]
[SourceQuality "1"]
[TimeControl "40/5400+30:1800+30"]

1. d4 {[%emt 0:00:00]} d5 {[%emt 0:00:00]} 2. c4 {[%emt 0:00:00]} e6 {[%emt 0:00:00]} 3. Nc3 {[%emt 0:00:00]} Be7 {[%emt 0:00:01]} 4. cxd5 {[%emt 0:00:00]} exd5 {[%emt 0:00:09]} 5. Bf4 {[%emt 0:00:00]} c6 {[%emt 0:00:29]} 6. e3 {[%emt 0:00:18]} Bf5 {[%emt 0:00:13]} 7. Nge2 {[%emt 0:00:09]} Nd7 {[%emt 0:03:44]} 8. Ng3 {[%emt 0:00:24]} Be6 {[%emt 0:03:26]} 9. Nh5 {[%emt 0:00:55]} Bf8 {[%emt 0:01:26]} 10. Bg3 {[%emt 0:00:28]} Ngf6 {[%emt 0:01:16]} 11. Bh4 {[%emt 0:06:17]} Qb6 {[%emt 0:03:03]} 12. Nxf6+ {[%emt 0:01:25]} Nxf6 {[%emt 0:00:24]} 13. Qc2 {[%emt 0:00:11]} Be7 {[%emt 0:06:30]} 14. Bd3 {[%emt 0:00:33]} Qd8 {[%emt 0:01:20]} 15. O-O {[%emt 0:02:04]} Nh5 {[%emt 0:04:11]} 16. Bxe7 {[%emt 0:05:01]} Qxe7 {[%emt 0:00:09]} 17. Rab1 {[%emt 0:02:22]} g6 {[%emt 0:05:12]} 18. b4 {[%emt 0:02:30]} O-O {[%emt 0:01:25]} 19. b5 {[%emt 0:02:26]} c5 {[%emt 0:02:10]} 20. dxc5 {[%emt 0:02:48]} Qxc5 {[%emt 0:00:07]} 21. Ne2 {[%emt 0:03:25]} Qxc2 {[%emt 0:02:13]} 22. Bxc2 {[%emt 0:00:18]} Rfc8 {[%emt 0:03:54]} 23. Bb3 {[%emt 0:04:54]} Rc5 {[%emt 0:00:41]} 24. Nd4 {[%emt 0:01:54]} Bd7 {[%emt 0:04:21]} 25. a4 {[%emt 0:08:08]} Nf6 {[%emt 0:08:00]} 26. Bc2 {[%emt 0:06:38]} Rac8 {[%emt 0:02:47]} 27. Bd3 {[%emt 0:00:21]} Ne4 {[%emt 0:01:10]} 1/2-1/2